000 00426nam a22001577a 4500
003 OSt
005 20211025150038.0
008 211025b |||||||| |||| 00| 0 eng d
040 _cHawassa University
050 _a635.9/SHE
_b1
082 _a635.9/SHE
_b1
100 _aCooper,Shewell W.E.
_915349
245 _aThe ABC of Flower Growing
260 _aLondon
_bThe English Universities Press Ltd
_c1947
942 _2ddc
_cBOOKS
_n0
999 _c14722
_d14722